Central Library OPAC University of Rajshahi

Village development in Bangladesh : (Record no. 34294)

MARC details
000 -LEADER
fixed length control field 01027nam a2200265 4500
001 - CONTROL NUMBER
control field 34294
003 - CONTROL NUMBER IDENTIFIER
rucl marc code BD-RjUL
005 - DATE AND TIME OF LATEST TRANSACTION
control field 20211209052133.0
008 - FIXED-LENGTH DATA ELEMENTS--GENERAL INFORMATION
fixed length control field 140515r19781973bg ab b 000 0 eng d
035 ## - SYSTEM CONTROL NUMBER
System control number (BD-RjUL)34388
040 ## - CATALOGING SOURCE
Original cataloging agency DLC
Language of cataloging eng
Transcribing agency DLC
Modifying agency BD-RjUL
041 ## - LANGUAGE CODE
Language code of text/sound track or separate title eng
082 04 - DEWEY DECIMAL CLASSIFICATION NUMBER
Classification number 307.14
Author mark and year HAV 1978
100 1# - MAIN ENTRY--PERSONAL NAME
Personal name Haq, M. Nurul.
9 (RLIN) 104263
245 10 - TITLE STATEMENT
Title Village development in Bangladesh :
Remainder of title a study of Monagram Village /
Statement of responsibility, etc. M. Nurul Haq
260 ## - PUBLICATION, DISTRIBUTION, ETC. (IMPRINT)
Place of publication, distribution, etc. Comilla :
Name of publisher, distributor, etc. Bangladesh Academy for Rural Development,
Date of publication, distribution, etc. 1973 [printing 1978].
300 ## - PHYSICAL DESCRIPTION
Pagination xi, 121 p. :
Illustrations ill. ;
Size 22 cm
500 ## - GENERAL NOTE
General note "The study was originally prepared as a thesis in partial fulfilment of the requirement of the master degree in development administration at the American University of Beirut, Lebanon, in 1971."
General note Imprint date stamped on t.p
504 ## - BIBLIOGRAPHY, ETC. NOTE
Bibliography, etc Bibliography: p. 120-121
650 07 - SUBJECT ADDED ENTRY--TOPICAL TERM
Topical term or geographic name as entry element Community development
Geographic subdivision Monฤgrฤm, Bangladesh
9 (RLIN) 104264
942 ## - ADDED ENTRY ELEMENTS (KOHA)
Source of classification or shelving scheme Dewey Decimal Classification
Koha item type Books
Holdings
Lost status Source of classification or shelving scheme Damaged status Not for loan Collection code Permanent Location Current Location Shelving location Date acquired Source of acquisition Cost, normal purchase price Total Checkouts Full call number Date last seen Copy number Koha item type
  Dewey Decimal Classification     Non-fiction Central Library, University of Rajshahi Central Library, University of Rajshahi   17/06/1982 aligrah library library Raj 12.00   307.14 HAV 1978 15/05/2014 C-10 Books
  Dewey Decimal Classification     Non-fiction Central Library, University of Rajshahi Central Library, University of Rajshahi   17/06/1982 Aligtarh Lib. 12.00   307.14 HAV 1978 15/05/2014 C-9 Books
  Dewey Decimal Classification     Non-fiction Central Library, University of Rajshahi Central Library, University of Rajshahi   17/06/1982 Aligar Library Rajshahi 12.00   307.14 HAV 1978 15/05/2014 C-8 Books
  Dewey Decimal Classification     Non-fiction Central Library, University of Rajshahi Central Library, University of Rajshahi   05/10/1977 BARD, Comilla 15.00   307.14 HAV 1973 20/05/2014 C-4 Books
  Dewey Decimal Classification     Non-fiction Central Library, University of Rajshahi Central Library, University of Rajshahi   17/07/1976       307.14 HAV 1978 16/06/2014 C-3 Books
  Dewey Decimal Classification     Non-fiction Central Library, University of Rajshahi Central Library, University of Rajshahi   25/02/1975   15.00   307.14 HAV 1978 16/06/2014 C-5 Books
  Dewey Decimal Classification     Non-fiction Central Library, University of Rajshahi Central Library, University of Rajshahi   05/10/1977 BARD, Comilla 15.00   307.14 HAV 1978 21/06/2014 C-2 Books